000 00945nam a2200253 i 4500
001 166016
003 ES-MaACL
005 20230906213240.0
008 041104s1888 gw |||| | spa d
040 _aCAM
_bspa
_cCAM
100 1 _aTapia, Diego de.
_9162859
245 1 0 _aConfessonario mas lato en lengua cumanagota /
_cpor Fr. Diego de Tapia ; publicado de nuevo por Julio Platzmann.
250 _aEd. facs.
260 _aLeipzig :
_bB. G. Teubner,
_c1888.
300 _a218 p. ;
_c22 cm.
490 1 _aAlgunas obras raras sobre la lengua cumanagota ;
_v4
598 _aPort. adicional para la serie.
650 4 _aLengua cumanagota.
_9162858
650 4 _aIndios de Venezuela-
_xLenguas.
_9162816
700 1 _aPlatzmann, Julius.
_9131215
830 0 _aAlgunas obras raras sobre la lengua cumanagota ;
_v4
_9188587
852 _aES-MaACL
_jG-1709
_z- Enc. hol. con puntas, conservando la cub. original
999 _c166016
_d166016